Statistics for German Metal Bands

Click here to take the quiz!

General Stats

  • This quiz has been taken 160 times
  • The average score is 6 of 16

Answer Stats

SongsBand% Correct
Du Hast/MutterRammstein
96%
Wind Of Change/Send Me An AngelScorpions
78%
I Want Out/Eagle Fly FreeHelloween
60%
Balls To The Wall/Teutonic TerrorAccept
58%
Violent Revolution/People Of The LieKreator
57%
The Bard's Song/Mirror MirrorBlind Guardian
51%
Agent Orange/Outbreak of EvilSodom
51%
Thrash Till Death/Mad ButcherDestruction
45%
The Morning After/A Girl Called CervezaTankard
40%
Rebellion In Dreamland/Land Of The FreeGamma Ray
36%
Treasure Island/Freewind RiderRunning Wild
18%
Excalibur/RebellionGrave Digger
17%
Land Of The Miracle/Roses To No OneEdguy
13%
Black Metal ist Krieg/SommerNargaroth
13%
Possessed By Fire/Silent DeathExumer
10%
She/LunaticRage
5%

Score Distribution

Percentile by Number Answered

Percent of People with Each Score

Your Score History

You have not taken this quiz